Zmeny v účtovníctve verejného sektora ako odraz potrieb manažmentu v nových podmienkach
Nevyhnutnosť zmien v účtovníctve verejného sektora. Hotovostný systém vedenia účtovníctva a jeho obmedzenia. Akruálne účtovníctvo.
Gespeichert in:
| 1. Verfasser: | |
|---|---|
| Weitere Verfasser: | |
| Format: | Buchkapitel |
| Sprache: | Slowakisch |
| Schlagworte: | |
| Tags: |
Keine Tags, Fügen Sie das erste Tag hinzu!
|
MARC
| LEADER | 00000naa a2200000 4500 | ||
|---|---|---|---|
| 001 | 0136233 | ||
| 005 | 20220726082222.5 | ||
| 041 | 0 | |a slo | |
| 044 | |a SK | ||
| 245 | 1 | 0 | |a Zmeny v účtovníctve verejného sektora ako odraz potrieb manažmentu v nových podmienkach |c Nora Štangová, Štefan Fabian |
| 520 | |a Nevyhnutnosť zmien v účtovníctve verejného sektora. Hotovostný systém vedenia účtovníctva a jeho obmedzenia. Akruálne účtovníctvo. | ||
| 610 | 2 | 0 | |a účtovníctvo |
| 610 | 2 | 0 | |a účtovníctvo akruálne |
| 610 | 2 | 0 | |a závierka účtovná |
| 610 | 2 | 0 | |a riadenie |
| 610 | 2 | 0 | |a sektor verejný |
| 100 | 1 | |a Štangová, Nora | |
| 700 | 1 | |a Fabian, Štefan | |